What Is Scripture?: A comparative approach (Record no. 9760)

MARC details
000 -LEADER
fixed length control field 00452nam a2200169 a 4500
020 ## - INTERNATIONAL STANDARD BOOK NUMBER
ISBN 0800687
082 00 - DEWEY DECIMAL CLASSIFICATION NUMBER
Classification number 291.82
Author Cutter SMI
100 ## - MAIN ENTRY--AUTHOR NAME
Author name Smith, Wilfred Cantwell
245 ## - TITLE STATEMENT
Title What Is Scripture?: A comparative approach
260 ## - PUBLICATION, DISTRIBUTION, ETC. (IMPRINT)
Place of publication U S A
Name of publisher Fortress Press
Year of publication 1993
300 ## - PHYSICAL DESCRIPTION
Number of Pages 381p
500 ## - GENERAL NOTE
General note includes index and biblioraphy
505 2# - FORMATTED CONTENTS NOTE
Formatted contents note index
650 ## - SUBJECT ADDED ENTRY--TOPICAL TERM
Topical Term Comparative Religion-Scriptures
942 ## - ADDED ENTRY ELEMENTS (KOHA)
Koha item type Books
700 1# -
-- Smith, Wilfred Cantwell
Holdings
Home library Current library Date acquired Cost, normal purchase price Full call number Accession Number Koha item type
Henry Martyn Institute Library Henry Martyn Institute Library 10/30/2007 786.60 291 SMI C.1 15083 Books
                   Copyright © 2026 | Henry Martyn Institute | Hyderabad | TS-500052 | INDIA | Implemented by hmi.edu.in
Hit-Count:

Powered by Koha